000 00285nam a22001337a 4500
003 SGT
082 _a618.92
_bI12L
100 _aLISSUER, TOM
245 _aILLUSTRATED TB OF PEDIATRICS
250 _a4TH
260 _aEDINBURGH
_bMOSBY
_c2012
300 _a533
942 _2ddc
_cBK
_01
999 _c14996
_d14996